00303 a2200133 450000100060000002000180000604000220002410000250004624000360007124500250010730000070013236200090013965000210014868097 a9783196115598 cAnchieta - Pituba aGeorgiakaki, Manuela10aPaul, Lisa & Co A1.2ldeu / ger10aPaul, Lisa & Co A1.2 a910 a2019 4aLíngua alemã